| 000 | 00822nam a22002777a 4500 | ||
|---|---|---|---|
| 003 | CHAP | ||
| 005 | 20220329135240.0 | ||
| 008 | 971013s1951 r 00010 d | ||
| 010 | _a33277 | ||
| 011 | _a34249 | ||
| 035 | _a38365 | ||
| 040 | _cCHAP | ||
| 082 |
_a507.8 _bE55 |
||
| 100 | 0 | 0 |
_aElliot, A. _936360 |
| 245 | _aLaboratory instruments, their desing and application | ||
| 260 |
_aLondon : _bChapman & Hall, _c1951 |
||
| 300 |
_a414 p. _b: ilus. |
||
| 590 |
_aBATCH-UPD _b10 _c20130110 _lUCH01 _h1912 |
||
| 590 |
_aBATCH-UPD _b10 _c20130410 _lUCH01 _h1238 |
||
| 590 |
_aCONVERSION _b10 _c20130109 _lUCH01 _h1319 |
||
| 650 | 1 | 4 |
_aAparatos e instrumentos cientificos. _96199 |
| 700 | 0 |
_aDickson, J. Home. _932477 |
|
| 901 | _aBK | ||
| 942 | _cLIBRO | ||
| 949 |
_a507.8 E55 _bBC _cLIBRO _d33724000125902 _eLIBRO _i38365 _si |
||
| 999 |
_c33277 _d33277 |
||